00326nam a2200145Ia 45000030006000000080041000060400015000471000017000622450019000792500006000982600041001043000006001455460012001510050017001630STCL150530s9999 xx 000 0 und d aSTCLcSTCL aBarstow Stan aKind of Loving a1 bPenguin book; Englandc1960aEngland a0 aEnglish20220125171053.0